| 000 | 00611nam a22002057a 4500 | ||
|---|---|---|---|
| 003 | OSt | ||
| 005 | 20260317115023.0 | ||
| 008 | 260317b |||||||| |||| 00| 0 eng d | ||
| 010 | _a2003045643 | ||
| 020 | _a978014043944 | ||
| 040 | _cPENGUIN BOOKS | ||
| 050 |
_aPR 455.8 .D53 1966 _b .D53 1966 |
||
| 245 |
_aDAVID COPPERFIELD/ _cCHARLES DICKENS |
||
| 250 | _a1ST EDITION | ||
| 260 |
_aLONDON: _bPENGUIN BOOKS, _c1966 |
||
| 300 |
_a956 pages, _bhardcover, includes bibliographic references and index, _cill.: col. ; 17.4 cm |
||
| 630 | _lENGLISH | ||
| 655 | _aHistorical fiction | ||
| 942 |
_2lcc _cBK _e1dt ed. _n0 |
||
| 999 |
_c9992 _d9992 |
||